| 000 | 00527cam a2200217 4500 | ||
|---|---|---|---|
| 001 | M93663 | ||
| 008 | 090401t1998 xxu||||| |||| 00| 0 eng d | ||
| 035 | _a(Sirsi) u88247 | ||
| 041 | _aeng | ||
| 050 | _a658.4 | ||
| 100 | _aStockdale, David J. | ||
| 245 | _aSelf-directed teams. | ||
| 260 |
_aAscot,Berks. _bCIOB _c1998 |
||
| 300 | _a7p. ; 30cm. | ||
| 350 | _a0 | ||
| 490 |
_aConstruction Papers _v88 |
||
| 650 | _aTEAMWORKING | ||
| 710 |
_aChartered Institute of Building _92134 |
||
| 942 | _n0 | ||
| 948 | _c02/09/1998 | ||
| 999 |
_c97305 _d97305 |
||